[Event "Boeing Action"]
[Site "?"]
[Date "1971.09.28"]
[Round "4"]
[White "Bailey, B."]
[Black "Kanellis, G."]
[Result "1-0"]
[WhiteElo "1959"]
[BlackElo "100"]
[Annotator "Stockfish 13 (15s)"]
[PlyCount "99"]
[EventDate "1971.??.??"]

{B44: Sicilian: Taimanov: 5 Nb5} 1. e4 c5 2. Nf3 Nc6 3. d4 e6 4. c4 cxd4 5.
Nxd4 e5 (5... Qh4 6. Nc3 Bb4 7. Qd3 Nxd4 8. Qxd4 Nf6 9. Bd2 d6 10. g3 Qh5 11.
Be2 Qe5 12. Qxe5 dxe5 13. Nb5 Bxd2+ 14. Kxd2 Ke7 15. Ke3 Bd7 16. c5 Bxb5 17.
Bxb5 Rhd8 18. Rad1 Ng4+ 19. Ke2 f5 20. f3 {
Malivanek,J (2195)-Haba,P (2485) Hlinsko 1993 0-1}) 6. Nb5 $146 (6. Ne2 Bc5 (
6... Nf6 7. Nbc3 Bb4 8. a3 Ba5 9. b4 Bc7 10. g3 d6 11. Bg2 O-O 12. O-O Bg4 13.
Qd3 Rc8 14. Bb2 Bb6 15. Kh1 a6 16. f3 Bh5 17. Rad1 Nd4 18. Nd5 Nxe2 19. Qxe2
Nxd5 20. Rxd5 Qe7 21. Rfd1 {Renton,C-Myers,H Fort Worth 1951 1-0}) 7. g3 Nf6 8.
Bg2 O-O 9. O-O d6 10. Nbc3 Bg4 11. Qd2 h6 12. a3 a6 13. b4 Bd4 14. Nxd4 Nxd4
15. Nd5 Rc8 16. Qd3 Be2 17. Qd2 Bxf1 18. Kxf1 Rxc4 19. Bb2 Rc2 {
0-1 (19) Ruonala,R-Dykes,D Dos Hermanas 2003}) (6. Nxc6 dxc6 7. Qxd8+ Kxd8 8.
Nc3 Be6 9. Be3 Bb4 10. Rc1 Nf6 11. f3 Nd7 12. Be2 f6 13. O-O g5 14. Rfd1 Ke7
15. a3 Bxc3 16. Rxc3 c5 17. g3 b6 18. Kf2 Rad8 19. b4 Rc8 20. b5 Rcd8 {
Karassek,J-Luther,J Germany 1995 1/2-1/2 (53)}) 6... Nf6 7. N1c3 a6 (7... Bc5
$142 $5 8. Nd6+ Ke7 9. Nxc8+ Rxc8 $16) 8. Nd6+ $18 Bxd6 9. Qxd6 Qe7 10. Qxe7+
Nxe7 $2 (10... Kxe7 $142 11. Bg5 h6 12. Nd5+ Kf8 $16) 11. b3 Nc6 12. Bb2 (12.
Ba3 Kd8 $18) 12... O-O (12... d6 13. O-O-O Ke7 14. Ba3 $18) 13. O-O-O (13. Ba3
$142 Rd8 14. Bc5 b5 $18) 13... Nd4 $2 (13... Rd8 $142 $18) 14. f3 b5 15. Nd5 (
15. Ba3 $142 $5 Re8 16. Kb2 bxc4 17. Bxc4 Bb7 $18) 15... Nxd5 16. Bxd4 exd4 17.
cxd5 (17. exd5 $142 d6 $18) 17... Bb7 $2 (17... f5 $142 18. Rxd4 d6 $18) 18.
Rxd4 Rac8+ (18... f5 19. Bd3 fxe4 20. Bxe4 $18) 19. Kd2 d6 (19... f5 20. Rg1 d6
$18) 20. Be2 (20. Bd3 $5 Rb8 $18) 20... f5 21. Bd3 (21. a4 $142 $5 fxe4 22.
fxe4 g5 $18) 21... fxe4 22. Bxe4 a5 23. Rc1 (23. h4 Rc7 $18) 23... Rxc1 24.
Kxc1 Rc8+ (24... b4 25. h4 $18) 25. Kd2 Rc5 (25... b4 $18) 26. Rd3 $4 (26. a3
$142 Bc8 27. h4 $18) 26... b4 $16 27. Rd4 Ba6 28. Bd3 $4 (28. h4 $142 $18)
28... Bxd3 $11 29. Kxd3 Kf7 30. Ke3 Kf6 31. Rd2 Ke5 32. f4+ Kf5 33. g3 Rc3+ 34.
Kd4 Rc1 35. Re2 Rd1+ 36. Kc4 Rc1+ 37. Kd3 Rd1+ 38. Rd2 (38. Kc4 h5 $11) 38...
Rxd2+ $11 39. Kxd2 Ke4 40. Ke2 Kxd5 $4 (40... Kd4 $142 $11) 41. Kd3 $18 Kc5 42.
f5 (42. Ke4 $142 $18) 42... Kd5 $19 43. g4 Ke5 44. h3 Kf4 45. Kd4 Kg3 (45... h6
$142 $19) 46. g5 Kf4 (46... g6 47. f6 Kxh3 48. f7 d5 49. f8=Q Kg4 50. Qf2 a4
51. Ke5 h6 52. Qg2+ Kh4 53. Kf4 hxg5+ 54. Qxg5+ Kh3 55. Qg3#) 47. f6 g6 (47...
gxf6 48. gxf6 Kf5 49. f7 Kf6 50. f8=Q+ Ke6 51. Qh6+ Kf5 52. Qxd6 a4 53. Kd5 a3
54. Qe5+ Kg6 55. Ke6 h6 56. Qg3+ Kh7 57. Kf6 h5 58. Qg7#) 48. f7 Kf5 (48...
Kxg5 49. f8=Q a4 50. Ke3 a3 51. Qf4+ Kh5 52. Kf3 g5 53. Qf7+ Kh6 54. Kg4 d5 55.
Qf6#) 49. f8=Q+ Ke6 (49... Kxg5 50. Ke4 Kh4 51. Kf3 Kh5 52. Qf4 g5 53. Qf7+ Kh6
54. Kg4 a4 55. Qf6#) 50. Qg8+ (50. Qg8+ Kf5 51. Qd8 Kf4 52. Qf6+ Kg3 53. Ke3 a4
54. Qf3+ Kh2 55. Kf2 a3 56. Qg2#) (50. Qe8+ Kf5 51. Qe3 a4 52. Kd5 a3 53. Kxd6
h6 54. Qe5#) 1-0

[Event "Jumbo Jet Open"]
[Site "?"]
[Date "1971.10.09"]
[Round "1"]
[White "McCurdy, R."]
[Black "Bailey, B."]
[Result "1/2-1/2"]
[WhiteElo "1517"]
[BlackElo "1937"]
[Annotator "Stockfish 14 (15s)"]
[PlyCount "103"]
[EventDate "1971.??.??"]

{B29: Sicilian: 2 Nf3 Nf6 (Nimzowitsch Variation)} 1. e4 c5 2. Nf3 Nf6 3. Nc3
e6 4. e5 Nd5 5. Nxd5 exd5 6. c3 d6 7. d4 Nc6 8. Bb5 a6 9. Bxc6+ bxc6 10. O-O
Be7 11. Re1 O-O 12. Bf4 $146 (12. Qa4 Bb7 13. Bf4 dxe5 14. Nxe5 Rc8 15. Qb3 Ba8
16. Rad1 c4 17. Qc2 Bd6 18. Qf5 Qc7 19. Re3 Rce8 20. Rh3 g6 21. Bh6 Re6 22. Qg4
Rfe8 23. f4 Bb7 24. Qh4 Qe7 25. Qg4 Bc8 26. Qf3 f6 {
Peters,S (1938)-Meyer,U (2190) Senden 2005 0-1 (40)}) (12. Qa4 Bd7 $14) 12...
Bg4 $11 13. Qd3 c4 14. Qe3 Bxf3 15. Qxf3 dxe5 16. Rxe5 Bf6 17. Rh5 (17. Re3 $5
$11) 17... g6 18. Qg3 (18. Rh3 Re8 $15) 18... Re8 (18... Bg7 $5 19. Rh3 Re8 $17
) 19. Be5 $15 Bxe5 20. Rxe5 f6 (20... Rb8 21. Rb1 $11) 21. Re3 (21. Rxe8+ $5
Qxe8 22. Qd6 $14) 21... Rb8 $11 22. b4 cxb3 23. axb3 Rxb3 24. h4 Rxe3 25. Qxe3
Rb6 26. Re1 Qd7 27. f3 (27. h5 Kg7 $11) 27... Rb7 28. Qe6+ $2 (28. Qh6 $142 $11
) 28... Kg7 $17 29. g4 (29. Qxd7+ $5 Rxd7 30. Ra1 Ra7 $17) 29... a5 $19 30. g5
$4 (30. Qxd7+ $142 Rxd7 31. Ra1 $19) 30... Qxe6 31. Rxe6 a4 32. gxf6+ (32. Re1
a3 33. Ra1 Rb3 $19) 32... Kf7 33. Rxc6 (33. Re1 a3 34. Kf2 Kxf6 $19) 33... Ra7
34. Rb6 a3 35. Rb1 Kxf6 36. Kf2 Kf5 37. Ke3 a2 38. Ra1 Ra3 39. Kd2 Kf4 40. Kc2
Kxf3 41. Kb2 Ra6 42. Rxa2 (42. c4 Ke4 43. Kc3 $19) 42... Rxa2+ 43. Kxa2 Ke4 (
43... Kg4 $142 $19) 44. Kb3 h6 45. Kb4 g5 46. hxg5 hxg5 47. c4 g4 48. c5 Kf5
49. c6 Ke6 50. Kc5 g3 51. Kb6 g2 52. c7 1/2-1/2

[Event "Jumbo Jet Open"]
[Site "?"]
[Date "1971.10.09"]
[Round "2"]
[White "Bailey, B."]
[Black "Eggers, P."]
[Result "0-1"]
[WhiteElo "1937"]
[BlackElo "1860"]
[Annotator "Stockfish 14 (15s)"]
[PlyCount "84"]
[EventDate "1971.??.??"]

{B41: Sicilian: Kan Variation: 5 c4} 1. e4 c5 2. Nf3 Nc6 3. d4 cxd4 4. Nxd4 a6
5. c4 e6 6. a3 Nf6 7. Nc3 Qc7 8. Be3 d6 9. Be2 Bd7 (9... Be7 10. O-O O-O 11.
Rc1 Ne5 12. f4 Ng6 13. Kh1 Re8 14. Qd2 Bf8 15. Nf3 b6 16. Bd4 Nd7 17. Ng5 Bb7
18. Bh5 Nf6 19. Bxg6 fxg6 20. f5 gxf5 21. exf5 e5 22. Be3 Qxc4 23. Ne6 Rxe6 24.
fxe6 {Vera,R (2549)-Iljushin,A (2553) Kapuskasing 2003 0-1 (45)}) 10. O-O Ne5
$146 (10... Be7 11. Rc1 O-O 12. Kh1 Rac8 13. g4 Nxd4 14. Qxd4 e5 15. Qd1 Be6
16. g5 Nd7 17. Nd5 Bxd5 18. cxd5 Qb8 19. Bg4 Rxc1 20. Qxc1 Rc8 21. Bxd7 Rc7 22.
Bh3 {1-0 (22) Freuler,R-Scheidegger,C Bad Ragaz 1995}) (10... Nxd4 11. Qxd4 Be7
12. Rac1 O-O 13. f3 Rac8 14. b4 Qb8 15. Rfd1 Rfd8 16. Qd3 Re8 17. Bf4 e5 18.
Be3 Be6 19. Nd5 Nxd5 20. exd5 Bd7 21. Qb3 b6 22. Bd3 Rc7 23. Qc2 g6 24. Qf2 Rb7
25. f4 {Grigore,N (2355)-Petre,N (2383) Tusnad 2005 0-1 (78)}) (10... Rc8 11.
Rc1 Qb8 12. Nxc6 Bxc6 13. Qd4 Be7 14. b4 O-O 15. Bg5 b5 16. cxb5 axb5 17. Qd3
Qa8 18. Nxb5 Bxe4 19. Qg3 d5 20. Rc7 Rxc7 21. Qxc7 Bd8 22. Qf4 h6 23. Bxf6 Bxf6
24. Qe3 Rd8 25. Bf3 {
Borkowski,F (2375)-Filipowicz,A (2375) Lubniewice 1981 0-1 (43)}) 11. Rc1 Be7
12. f4 Nc6 $2 (12... Ng6 $5 $16) 13. Kh1 (13. b4 O-O $18) 13... O-O 14. Nf3 (
14. b4 Nxd4 15. Bxd4 Bc6 $18) 14... b6 (14... Rfd8 15. Bg1 $18) 15. Qe1 (15.
Bg1 Rfd8 $18) 15... Rab8 $2 (15... b5 $142 $18) 16. Qg3 Rfc8 (16... Nh5 17. Qf2
$18) 17. e5 Ne8 18. Bd3 Bf8 (18... g6 19. Qh3 Rd8 20. Ne4 $18) 19. Qh3 (19.
Bxh7+ Kh8 20. Bg6 Be7 21. Bxf7 g5 22. Qh3+ Kg7 23. fxg5 Nf6 24. gxf6+ Bxf6 25.
exf6+ Kxf6 26. Nd2+ Ke7 27. Bg5+ Kf8 28. Qh8#) 19... h6 $18 20. Qg3 (20. Ng5
$142 g6 21. Nce4 $18) 20... Kh8 $4 (20... Qd8 $142 $18) 21. Ne4 (21. Ng5 $142
Kg8 22. Bh7+ Kh8 $18) 21... Ne7 (21... Qd8 $18) 22. Neg5 $1 Kg8 (22... hxg5 23.
Qh3+ {Mate attack}) (22... -- $140 23. Nxf7+ {Mate threat}) 23. Nh7 (23. Bh7+
$142 Kh8 24. Bd3 $18) 23... Nf5 24. Bxf5 exf5 25. Nxf8 Kxf8 26. exd6 $4 (26.
Bd4 $142 Rb7 27. Rfd1 dxe5 28. Bxe5 $18 (28. fxe5 $6 Qc6 $16) (28. Nxe5 $6 Be6
$16)) 26... Nxd6 $11 27. Nd2 (27. Bd4 $142 f6 28. Bxf6 gxf6 29. Qg6 $11) 27...
Ne4 $4 (27... f6 $142 $15) 28. Nxe4 $18 fxe4 29. Rfd1 $4 (29. c5 $142 bxc5 30.
Bxc5+ Qxc5 31. Rxc5 Rxc5 32. f5 $18) 29... Rd8 $4 (29... Ba4 30. Rd4 f6 31. c5
$14) 30. Qf2 (30. c5 $142 Ba4 31. cxb6 Rxd1+ 32. Rxd1 Rxb6 33. Bxb6 Qxb6 34.
Rb1 $18) 30... Ba4 $11 31. Rxd8+ Qxd8 32. Qe2 Qf6 33. c5 bxc5 34. Bxc5+ Kg8 35.
b4 (35. Qxe4 Qxb2 36. Re1 Bd7 $11) 35... Qxf4 $17 36. Rf1 Qe5 37. Qc4 Qe8 38.
Re1 Bc6 39. Be3 $2 (39. Qxa6 $142 Rd8 40. h3 $17) 39... Bb5 $19 40. Qb3 $2 (40.
Qc7 Rd8 41. Qb6 $19) 40... Rd8 41. Rd1 (41. Qc2 Rd3 42. Bc1 $19) 41... Rd3 42.
Rxd3 exd3 (42... exd3 43. h3 Qxe3 44. Qc3 Qe2 45. Qc8+ Be8 46. Qxa6 Qe1+ 47.
Kh2 d2 48. Qd6 d1=Q 49. Qxd1 Qxd1 50. b5 Bxb5 51. a4 Bc6 52. h4 Qe2 53. Kg3
Qxg2+ 54. Kf4 Qf2+ 55. Ke5 Qf6#) (42... Bxd3 $6 43. Qd5 $15) 0-1

[Event "Jumbo Jet Open"]
[Site "?"]
[Date "1971.10.09"]
[Round "3"]
[White "Leu, R."]
[Black "Bailey, B."]
[Result "1-0"]
[WhiteElo "1681"]
[BlackElo "1937"]
[Annotator "Stockfish 14 (15s)"]
[PlyCount "33"]
[EventDate "1971.??.??"]

{C55: Two Knights: 4 d3, 4 d4 exd4 5 e5 and Max Lange Attack} 1. e4 e5 2. Nf3
Nc6 3. Bc4 Nf6 4. Nc3 Nxe4 5. Bxf7+ Kxf7 6. Nxe4 d5 7. Neg5+ Kg8 8. d4 h6 9.
Nh3 e4 10. Ne5 (10. Nfg1 Qf6 11. Be3 Bd6 12. Qd2 Kh7 13. Ne2 Bxh3 14. gxh3 Rhf8
15. O-O-O Qh4 16. Ng3 Qxh3 17. Rdg1 Rf7 18. Qe2 Raf8 19. Qh5 Qxh5 20. Nxh5 g6
21. Ng3 Rf3 22. Nf1 Ne7 23. h4 c6 24. Nd2 R3f5 {
Vidali,J (1911)-Diermair,A (2357) St Veit 2006 0-1}) 10... Nxe5 11. dxe5 Be6
$146 (11... Bxh3 12. gxh3 c6 (12... Bc5 13. Qg4 Qe7 14. Bf4 c6 15. c3 Rf8 16.
Rg1 Qf7 17. Rg2 Rh7 18. Bg3 Qf3 19. Qxf3 Rxf3 20. Ke2 Kf7 21. h4 Ke6 22. h5 Rf5
23. Rf1 Rxh5 24. f3 exf3+ 25. Rxf3 Rg5 26. h4 Rg4 27. Rf4 {
Mariano,N (2396)-Nguyen Thanh Son (2404) Kuala Lumpur 2001 0-1 (68)}) 13. Qg4
Qe7 14. Bd2 (14. Bf4 Re8 15. O-O-O Qe6 16. Qxe6+ Rxe6 17. c4 dxc4 18. Rd7 Bc5
19. Rg1 Re7 20. Rxe7 Bxe7 21. e6 Kf8 22. Rd1 Ke8 23. Rd7 Rf8 24. Bg3 Rf6 25.
Rxb7 Rxe6 26. Rxa7 Bf6 27. a4 Re7 28. Rxe7+ Kxe7 {
Lecic,P (2132)-Peric,J (1911) Obrenovac 2004 0-1 (39)}) 14... Qxe5 15. O-O-O
Re8 16. Bc3 Qe6 17. Qg3 Kh7 18. Rhg1 Rg8 19. h4 c5 20. Rxd5 Kh8 21. Re5 Qf7 22.
Qe3 Rxe5 23. Bxe5 Qe6 24. Qxe4 Qxa2 25. Rg6 Qa1+ 26. Kd2 {
Ditlevson-Lasker,E Copenhagen 1919 1-0}) (11... Be7 12. Nf4 c6 13. Qh5 Bd7 14.
e6 Be8 15. Qf5 Bf6 16. O-O Qd6 17. f3 Qe5 18. fxe4 Qxe4 19. Qxe4 dxe4 20. Re1
Rd8 21. Rxe4 Rd1+ 22. Kf2 g5 23. Nd3 Bg6 24. Re1 Rxe1 25. Nxe1 Kf8 26. Be3 {
Thielemann,J (1905)-Nowotny,H (2255) Bad Woerishofen 2000 1/2-1/2 (37)}) (11...
Bxh3 $142 $5 12. gxh3 Qd7 $19) 12. Nf4 $15 Bf7 (12... Qe8 $142 13. O-O Bf7 $15)
13. f3 $4 (13. e6 $142 $5 Be8 14. Qxd5 Qxd5 15. Nxd5 $16) 13... exf3 $4 (13...
Qe8 $142 14. e6 Bxe6 $19) 14. Qxf3 $11 Qe8 15. Nxd5 $4 (15. Qe2 $142 g5 16. e6
gxf4 17. exf7+ Qxf7 18. O-O $11) 15... Qxe5+ $19 16. Ne3 Bd5 (16... Bb4+ $142
17. Bd2 Bxd2+ 18. Kxd2 Qxb2 $19) 17. Qxd5+ $18 (17. Qxd5+ Qxd5 18. Nxd5 Re8+
19. Kf2 $18) 1-0

[Event "Jumbo Jet Open"]
[Site "?"]
[Date "1971.10.10"]
[Round "4"]
[White "Bailey, B."]
[Black "Van Parys, M."]
[Result "1-0"]
[WhiteElo "1937"]
[BlackElo "1411"]
[Annotator "Stockfish 14 (15s)"]
[PlyCount "97"]
[EventDate "1971.??.??"]

{B18: Classical Caro-Kann: 4...Bf5 sidelines} 1. e4 c6 2. d4 d5 3. Nc3 dxe4 4.
Nxe4 Bf5 5. Ng3 Bg6 6. Nf3 e6 7. Bc4 Nd7 8. O-O Nb6 $146 (8... Bd6 9. Qe2 (9.
Nd2 Ngf6 10. Re1 Qc7 11. Bxe6 fxe6 12. Rxe6+ Kf7 13. Re3 Rhe8 14. Nc4 Kg8 15.
c3 Rxe3 16. Bxe3 Nd5 17. Qb3 Bf7 18. Nxd6 Qxd6 19. Qxb7 Rb8 20. Qxa7 Rxb2 21.
Nf5 Qb8 22. Qxb8+ Nxb8 23. c4 Nxe3 {Leenhouts,K-Vinck,M Hengelo 1995 1-0 (58)})
(9. Re1 Ngf6 10. Ng5 O-O 11. c3 h6 12. Nh3 Qc7 13. Kh1 Rad8 14. Qf3 c5 15. Bb3
c4 16. Bd1 e5 17. Be3 b5 18. Qe2 Rfe8 19. Qd2 Nb6 20. Bc2 e4 21. Bf4 Nbd5 22.
Bxd6 Qxd6 23. Bd1 Re7 {Balcarek,W-Arlamowski,E Sopot 1951 0-1 (46)}) 9... Ne7 (
9... Bxg3 10. hxg3 Ne7 11. a4 O-O 12. a5 Nd5 13. c3 b5 14. axb6 axb6 15. Rxa8
Qxa8 16. Nh4 b5 17. Nxg6 hxg6 18. Bd3 Re8 19. f4 f5 20. g4 N7f6 21. g5 Ng4 22.
Qd2 Kf7 23. Be2 Nge3 24. Re1 {
Rozentalis,E (2505)-Yudasin,L (2480) Lvov 1987 1/2-1/2 (41)}) 10. Ne5 Nxe5 11.
dxe5 Bc5 12. c3 Qc7 13. a4 a5 14. Kh1 Nf5 15. Nxf5 Bxf5 16. f4 h5 17. Be3 Qb6
18. Bxc5 Qxc5 19. Bd3 Bg4 20. Qc2 O-O-O 21. Rae1 Rd7 22. Be2 Bf5 23. Qc1 {
Kashdan,I-Santasiere,A New York 1931 1-0 (63)}) (8... Be7 9. Re1 h6 10. Qe2
Ngf6 11. Bb3 O-O 12. Bd2 Re8 13. Rad1 b5 14. a4 b4 15. Qc4 Nd5 16. Ne5 Nxe5 17.
dxe5 Qc7 18. Qg4 Rad8 19. h4 Kh8 20. h5 Bh7 21. Qf3 Rf8 22. c4 bxc3 23. bxc3 {
Nikolic,S-Vukic,M Sarajevo 1967 1/2-1/2 (34)}) (8... Ngf6 $5 $11) 9. Bb3 $16
Nf6 10. Be3 (10. Ne5 a5 11. a4 Nfd7 12. Nxg6 hxg6 $16) 10... Nbd5 (10... a5 11.
a3 $11) 11. Ne5 (11. Bg5 $5 Be7 12. c4 $14) 11... Nxe3 $11 12. fxe3 Bd6 13. Qf3
$4 (13. h4 O-O 14. Qf3 c5 $11) 13... O-O $4 (13... Bxe5 $142 14. dxe5 Nd7 $19)
14. Nxg6 $11 hxg6 15. Ne2 (15. Ne4 $5 Nxe4 16. Qxe4 $11) 15... Qc7 (15... c5
16. Kh1 $17) 16. g3 (16. Qh3 c5 17. c3 c4 $15) 16... Rad8 17. e4 (17. Nf4 $142
$17) 17... Be7 $4 (17... e5 $142 $5 18. dxe5 Bxe5 $17) 18. Kh1 (18. e5 Nd5 19.
c4 $16) 18... Rd7 $4 (18... c5 $142 $5 19. e5 Nd5 $11) 19. c3 (19. e5 $5 Nh7
$16) 19... c5 (19... e5 20. dxe5 Qxe5 21. Nf4 $14) 20. Rac1 (20. e5 $5 Nd5 21.
Rad1 $16) 20... Qc6 $11 21. Bc2 b6 (21... Rdd8 22. e5 Qxf3+ 23. Rxf3 $11) 22.
Kg1 (22. h4 b5 $11) 22... Qb7 23. Rcd1 cxd4 24. cxd4 Rc8 (24... e5 25. dxe5
Rxd1 26. Rxd1 $11) 25. Bd3 $14 Rf8 (25... Rcd8 $14) 26. Bb1 (26. Kg2 g5 27. h3
b5 $14) 26... Rfd8 (26... Bd6 27. Kg2 e5 28. d5 $11) 27. Kh1 (27. Rc1 $142 $5
$11) 27... Bc5 $17 28. e5 (28. d5 Re8 (28... exd5 $6 29. e5 Ne4 30. Nf4 $11)
29. dxe6 Rxe6 30. Rxd7 Qxd7 $15) 28... Qxf3+ 29. Rxf3 Ne8 $4 (29... Ng4 $142
30. Bd3 Rxd4 31. Nxd4 Rxd4 $17 (31... Bxd4 $4 32. Bxg6 Nxe5 33. Rf4 $18)) 30.
Rdf1 (30. Be4 b5 31. Bd3 Bb6 32. Bxb5 Rd5 $16) 30... Bb4 $2 (30... Bxd4 $142
31. Nxd4 Rxd4 32. Rxf7 Nf6 33. Bxg6 Nd7 $14) 31. a3 $18 Bd2 32. h4 Nc7 33. Rd3
(33. Be4 $142 $5 Nd5 34. Bxd5 exd5 35. Rd1 $18) 33... Bh6 $14 34. g4 g5 35. h5
Nb5 $2 (35... Nd5 $5 36. Kg2 Kf8 $14) 36. Rfd1 (36. Ba2 Nc7 $18) 36... f6 37.
Ba2 Nc7 38. exf6 (38. Re3 Nd5 39. Re4 Kf7 $18) 38... gxf6 39. Nc3 (39. Rc3 Bf8
$16) 39... Kf7 (39... Kh8 $142 $11) 40. Re3 (40. d5 $142 exd5 41. Bxd5+ Kf8 42.
Be4 Rxd3 43. Bxd3 $16) 40... Nd5 $4 (40... Rxd4 $142 41. Rxd4 Rxd4 $15) 41.
Bxd5 $18 exd5 42. Ne2 $4 (42. Rf1 Rc7 $18) 42... Re7 $2 (42... Rc8 $142 43. Ng3
Bf8 $16) 43. Rxe7+ $18 Kxe7 44. Ng3 Kf7 (44... Bf8 45. Nf5+ Kd7 $18) 45. Nf5
Bf8 46. Rd2 (46. Rc1 $142 Kg8 47. Rc7 Re8 $18) 46... Re8 (46... Rc8 47. Kg2 $18
) 47. Kg2 Be7 (47... Rc8 $18) 48. Re2 Bd8 (48... Bf8 49. Rxe8 Kxe8 $18) 49.
Nd6+ (49. Nd6+ Kg7 50. Rxe8 f5 51. Nxf5+ Kf6 52. Rxd8 b5 53. h6 Kg6 54. Rd7 Kf6
55. h7 Ke6 56. Re7+ Kf6 57. h8=Q+ Kg6 58. Qh6#) 1-0

[Event "Jumbo Jet Open"]
[Site "?"]
[Date "1971.10.10"]
[Round "5"]
[White "Bailey, B."]
[Black "Jangord, K."]
[Result "1-0"]
[WhiteElo "1937"]
[BlackElo "1685"]
[Annotator "Stockfish 14 (15s)"]
[PlyCount "149"]
[EventDate "1971.??.??"]

{C89: Closed Ruy Lopez: Marshall Attack} 1. e4 e5 2. Nf3 Nc6 3. Bb5 a6 4. Ba4
Nf6 5. O-O Be7 6. Re1 b5 7. Bb3 O-O 8. c3 d5 9. exd5 Nxd5 10. d3 Nf6 (10... Bb7
11. Nxe5 Nxe5 12. Rxe5 Qd7 13. Qf3 Rad8 14. Nd2 c5 15. Ne4 c4 16. dxc4 Nf6 17.
Be3 Nxe4 18. Rxe4 Qd3 19. Rd4 Bxf3 20. Rxd3 Rxd3 21. gxf3 Bf6 22. Kg2 Rd7 23.
cxb5 axb5 24. f4 {1/2-1/2 (24) Spassky,B (2605)-Polgar,Z (2495) Cannes 1987})
11. Qe2 (11. h3 Bb7 12. Nxe5 Nxe5 13. Rxe5 Bd6 14. Re1 Qd7 15. Be3 Qc6 16. f3
Bg3 17. Bf2 Qd6 18. d4 Nh5 19. Qd2 Rae8 20. Na3 Bf4 21. Qc2 Qf6 22. Qd3 Bd6 23.
Bc2 g6 24. Qd2 Nf4 25. Be3 Nxh3+ {
Swearingen,K (1950)-Graham,S (1765) Saltwater 2004 0-1 (33)}) 11... Bg4 12.
Nbd2 Bd6 $146 (12... Qd7 13. Nf1 Rad8 14. Bg5 Qf5 15. Bxf6 Bxf6 16. Bc2 Bxf3
17. gxf3 Qh3 18. Qe4 Rd6 19. Ng3 Ne7 20. Qg4 Qh6 21. Rad1 g6 22. f4 Re6 23. Bb3
exf4 24. Ne4 Rxe4 25. Rxe4 Nf5 26. Rxf4 Be5 27. Rxf5 {
Ali,M (2211)-Ibrahim,I Abu Dhabi 2000 1-0}) (12... Re8 13. h3 Bh5 14. Nf1 Qd7
15. Bg5 Nd5 16. Bd2 Bf6 17. Ng3 Nf4 18. Bxf4 exf4 19. Ne4 Bh4 20. Qd2 Bxf3 21.
gxf3 Qxh3 22. Qxf4 Ne5 23. Nd2 Bxf2+ {0-1 (23) Olson,H-Gulati,J Winnipeg 1997})
(12... Qd7 13. h3 Bf5 14. Ne4 $11 (14. Nxe5 $143 Nxe5 15. Qxe5 Bd6 $17)) 13.
Ne4 Nxe4 (13... h6 $5 $14) 14. Qxe4 $16 (14. dxe4 $6 Na5 15. Bc2 Qf6 $11) 14...
Bxf3 15. Qxf3 (15. gxf3 $6 Na5 16. Bd5 c6 17. Bxc6 Nxc6 18. Qxc6 Rc8 $11) 15...
Qd7 $4 (15... Ne7 $142 $16) 16. Bd5 $18 Rae8 (16... e4 17. Bxe4 Rae8 $18) 17.
Bxc6 Qe6 18. Bxe8 Rxe8 19. Bd2 f5 (19... Rd8 20. Qc6 $18) 20. c4 $1 e4 (20...
bxc4 21. Qc6 {Decoy Double attack}) 21. dxe4 fxe4 22. Qh5 g6 23. Qd5 Qxd5 24.
cxd5 Re5 25. Bc3 Rh5 26. g3 Rxd5 (26... b4 27. Bd4 $18) 27. Rad1 Rd3 (27...
Rxd1 28. Rxd1 Kf7 29. Re1 $18) 28. Rxd3 exd3 29. Rd1 b4 (29... Kf7 30. Rxd3 Ke6
31. Kg2 $18) 30. Be1 Be5 (30... Kf7 31. Rxd3 Ke6 32. Bd2 $18) 31. Rxd3 (31.
Bxb4 Bxb2 32. Rxd3 Be5 $18) 31... c5 (31... Bxb2 32. Bxb4 Be5 33. Kg2 $18) 32.
b3 Bf6 33. Rd6 Bc3 34. Bxc3 bxc3 35. Rc6 c2 36. Rxc5 a5 37. Rxc2 Kg7 (37... Kf7
38. a3 Ke6 39. b4 axb4 40. axb4 g5 41. b5 h5 42. b6 h4 43. g4 h3 44. b7 Kd5 45.
b8=Q Ke6 46. Rc6+ Kd5 47. Qb5+ Ke4 48. Qc4+ Ke5 49. Re6#) 38. a3 Kh6 (38... h5
39. b4 axb4 40. axb4 h4 41. b5 g5 42. b6 Kf6 43. b7 hxg3 44. b8=Q gxh2+ 45.
Kxh2 Ke6 46. f3 Kd7 47. f4 gxf4 48. Qxf4 Ke6 49. Rd2 Ke7 50. Qf7+ Kxf7 51. Kg3
Ke7 52. Kf4 Ke6 53. Rd1 Kf6 54. Re1 Kg6 55. Re6+ Kf7 56. Kf5 Kg7 57. Rf6 Kh7
58. Rf7+ Kh8 59. Kf6 Kg8 60. Kg6 Kh8 61. Rf8#) 39. Rc5 (39. b4 axb4 40. axb4
Kg5 41. b5 Kf5 42. b6 Ke4 43. b7 Kd3 44. Rc7 g5 45. b8=Q Ke4 46. Rc5 Kd3 47.
Qd6+ Ke2 48. Re5+ Kf3 49. Qd1#) 39... g5 40. h3 Kh5 (40... Kg7 41. Rxa5 g4 42.
hxg4 Kf6 43. a4 h6 44. Rc5 h5 45. gxh5 Ke6 46. a5 Kf7 47. b4 Ke6 48. a6 Kf7 49.
a7 Ke6 50. a8=Q Kf7 51. Rc6 Kg7 52. Qb7+ Kh8 53. Rc8#) 41. Rxa5 h6 (41... Kg6
42. Rc5 g4 43. hxg4 h6 44. a4 h5 45. gxh5+ Kf6 46. b4 Kg7 47. a5 Kf6 48. a6 Kg7
49. a7 Kf6 50. a8=Q Kg7 51. Rc6 Kh7 52. Qb7+ Kh8 53. Rc8#) 42. Ra6 g4 43. Ra5+
(43. b4 gxh3 44. b5 h2+ 45. Kxh2 Kg4 46. b6 h5 47. b7 h4 48. b8=Q hxg3+ 49.
fxg3 Kf3 50. g4 Ke3 51. g5 Kd3 52. g6 Ke3 53. g7 Ke2 54. g8=Q Kd1 55. a4 Kc1
56. a5 Kd2 57. Rd6+ Ke1 58. a6 Ke2 59. a7 Ke1 60. a8=Q Ke2 61. Qe4+ Kf1 62.
Qbf8#) 43... Kg6 44. hxg4 Kf6 (44... Kf7 45. Rc5 h5 46. gxh5 Kf6 47. h6 Kf7 48.
h7 Kg7 49. Rh5 Kf6 50. h8=Q+ Ke6 51. Qg7 Kd6 52. f4 Ke6 53. Rh6+ Kd5 54. Qe5#)
45. Rc5 Kf7 (45... Ke7 46. a4 h5 47. gxh5 Kd6 48. b4 Ke7 49. a5 Kd6 50. a6 Ke7
51. a7 Kd6 52. a8=Q Ke7 53. Rc6 Kf7 54. Qb7+ Kg8 55. Rc8#) 46. a4 Kf6 (46...
Ke7 47. a5 h5 48. gxh5 Kd6 49. b4 Ke7 50. a6 Kd6 51. a7 Ke7 52. a8=Q Kd6 53.
Qd5+ Ke7 54. Rc7+ Kf8 55. Qa8#) 47. a5 Kf7 (47... Ke6 48. a6 h5 49. gxh5 Ke7
50. a7 Kd6 51. b4 Ke7 52. a8=Q Kd6 53. Qd5+ Ke7 54. Rc7+ Kf8 55. Qa8#) 48. a6
Kf6 (48... Ke7 49. a7 Kd6 50. b4 h5 51. gxh5 Ke7 52. a8=Q Kd6 53. Qd5+ Ke7 54.
Rc7+ Kf8 55. Qa8#) 49. a7 h5 (49... Ke6 50. a8=Q h5 51. gxh5 Kf7 52. Rc6 Kg7
53. Qb7+ Kh8 54. Rc8#) 50. gxh5 Kg7 (50... Ke6 51. a8=Q Kf7 52. Rc6 Kg7 53.
Qb7+ Kh8 54. Rc8#) 51. g4 (51. Rc6 Kf7 52. a8=Q Kg7 53. Qb7+ Kh8 54. Rc8#)
51... Kh6 (51... Kf6 52. a8=Q Kg7 53. f4 Kf6 54. Rc7 Ke6 55. Qc6#) 52. f4 {
White plans g5} Kg7 (52... Kh7 53. a8=Q Kg7 54. Rc7+ Kf6 55. Qa6#) 53. Kf2 (53.
a8=Q Kf6 54. Rc7 Ke6 55. Qc6#) 53... Kh6 (53... Kh7 54. a8=Q Kg7 55. Rc7+ Kf6
56. Qa6#) 54. Ke3 (54. a8=R Kh7 55. Ra7+ Kh8 56. Rc8#) 54... Kg7 (54... Kh7 55.
g5 Kh8 56. a8=R+ Kg7 57. Rc7#) 55. Rc6 (55. a8=Q Kf6 56. Rc7 Ke6 57. Qc6#)
55... Kh7 56. g5 Kg7 (56... Kg8 57. Rc7 Kh8 58. a8=Q#) 57. f5 (57. Rc7+ Kh8 58.
a8=Q#) 57... Kh7 (57... Kf8 58. Rc7 Kg8 59. a8=Q#) 58. b4 (58. Rc7+ Kh8 59.
a8=Q#) 58... Kg7 (58... Kg8 59. a8=R+ Kf7 60. Rc7#) 59. b5 (59. Rc7+ Kh8 60.
a8=Q#) 59... Kh7 (59... Kf8 60. Rc7 Kg8 61. a8=Q#) 60. b6 (60. Rc7+ Kh8 61.
a8=Q#) 60... Kg7 (60... Kg8 61. a8=R+ Kf7 62. Rc7#) 61. Kd4 (61. Rc7+ Kh8 62.
a8=Q#) 61... Kh7 (61... Kf8 62. Rc7 Kg8 63. a8=Q#) 62. h6 (62. Rc7+ Kh8 63.
a8=Q#) 62... Kh8 (62... Kg8 63. a8=R+ Kf7 64. Rc7#) 63. Rc7 Kg8 64. g6 {
White prepares h7} (64. a8=R#) 64... Kf8 (64... Kh8 65. a8=Q#) 65. h7 (65.
a8=R#) 65... Ke8 66. Kd5 (66. a8=R#) 66... Kd8 (66... Kf8 67. a8=Q#) 67. Kd6 (
67. a8=R#) 67... Ke8 68. b7 (68. a8=R#) 68... Kf8 69. g7+ (69. a8=Q#) 69... Ke8
70. f6 (70. a8=R#) 70... Kd8 71. Kc6 (71. a8=R#) 71... Ke8 72. Kd5 (72. a8=R#)
72... Kd8 73. Kd6 (73. b8=Q#) 73... Ke8 74. f7+ (74. a8=Q#) 74... Kd8 75. Rd7#
(75. a8=Q#) 1-0